| 000 | 00505nam a22001817a 4500 | ||
|---|---|---|---|
| 003 | CEME | ||
| 005 | 20210628205454.0 | ||
| 008 | 201230b xxu||||| |||| 00| 0 eng d | ||
| 020 | _a9781259005343 | ||
| 040 | _cceme | ||
| 082 | _a621.436 DEM | ||
| 100 |
_aDempsey, Paul _971177 |
||
| 245 | _aTroubleshooting and repairing diesel engines | ||
| 260 |
_aINDIA _bMCGRAW HILL _c2011 |
||
| 300 | _aXIII, 390P | ||
| 650 |
_aDIESEL ENGINES TROUBLESHOOTING. DIESEL ENGINES-REPAIRING _975709 |
||
| 942 |
_cBK _2ddc |
||
| 999 |
_c581101 _d581101 |
||